000 01099nam2a22003371 4500
001 v19\rc\1801163
005 20250619122549.0
035 _a(NLR Aleph) 004902268
090 _a5387676
_c5387676
100 _a20071130d1907 |||y0rusy50 ca
101 0 _arus
102 _aRU
105 _ay z |||||
200 0 _aКн. 1
210 _d1907
_aБ. м.
215 _aXI, 94 с., 1756 стб.
461 0 _1001v19\rc\1801162
_12001#$aДела Тайного приказа$f[Ред. С.А. Белокурова]$vКн. 1
_95387669
_cСанкт-Петербург
_d1904-1926
_f[Ред. С.А. Белокурова]
_nтип. Гл. упр. уделов
_tДела Тайного приказа
_vКн. 1
801 0 _aRU
_bNLR
_gpsbo
801 0 _aRU
_bRuMoRGB
_2psbo
801 1 _aRU
_bProSoft-M
_2rusmarc
852 _aNLR
_j18.30.2.1(т. 21-23)
852 _aNLR
_j130/64
899 _aRuMoRGB
_jW 437/1
899 _aRuMoRGB
_jA 222/1
899 _aRuMoRGB
_jW 238/691
899 _aБАН
899 _aНБ СПбГУ
899 _aГПИБ
899 _aНБ МГУ
942 _cBOOK
980 _aNB